000 00946nam a22003017a 4500
001 BR7907978
003 BR-BrBNA
005 20230928090325.0
007 ta
008 230509b bl.||||| |||| 00| 0 por d
040 _aBR-BrBNA
_bpor
_cBiblioteca Nacional de Agricultura
041 _a(Por)
072 _aP00; E50
_b/G514
090 _ P00 BR7907978
100 1 _aSantos, V.M. dos
110 1 _aFundacao Universidade Estadual de Maringa, PR (Brasil)
_95061
245 1 _aConservacao dos recursos naturais e humanos da Amazonia brasileira
260 3 _aMaringa, PR (Brasil):
_c1979.
300 _a137 p.
500 _a29 ref. (*) Documento disponível na(o) Fundacao Universidade Estadual de Maringa, PR (Brazil). Biblioteca Central
650 _aRECURSO NATURAL
650 _aCONSERVACAO
650 _aRECURSO HUMANO
650 _aDEFESA VEGETAL
650 _aAMAZONIA
909 _a202309
_bLucia
_c55
_dLucia Elande
942 _cBK
999 _c28444
_d28444